00542nam a2200085Ia 4500008004100000245004100041300027400082650002800356856007200384170517s9999 xx 000 0 und d aWal-Mart: The High Cost of Low Price aWal-Mart has become one of America's most successful retail chains by offering everyday goods at low prices for working families. But just how is Wal-Mart able to charge less than many of their rivals, and what has their success done for their employees? Documentary... xBusiness and Economics. uhttp://topdocumentaryfilms.com/wal-mart-the-high-cost-of-low-price/